Effectif Real Madrid 2025/2026 - Statistiques

Statistiques générales
  • Ce quiz a été pris 2 844 fois
    365 depuis la dernière actualisation
  • Le résultat moyen est 22 sur 26
Statistiques - réponses
Poste Numéro Pays Joueur % Correct
G 1 Belgique Thibaut Courtois
98%
ATT 10 France Kylian Mbappé
95%
ATT 7 Brésil Vinicius Junior
95%
MIL 15 Turquie Arda Güler
94%
MIL 6 France Eduardo Camavinga
94%
MIL 14 France Aurélien Tchouaméni
93%
MIL 8 Uruguay Federico Valverde
93%
G 13 Ukraine Andriy Lunin
92%
DEF 22 Allemagne Antonio Rüdiger
91%
ATT 21 Maroc Brahim Díaz
91%
MIL 5 Angleterre Jude Bellingham
91%
DEF 4 Autriche David Alaba
90%
DEF 3 Brésil Éder Militão
90%
ATT 11 Brésil Rodrygo
90%
DEF 2 Espagne Dani Carvajal
88%
DEF 12 Angleterre Trent Alexander-Arnold
86%
DEF 23 France Ferland Mendy
85%
ATT 30 Argentine Franco Mastantuono
81%
DEF 20 Espagne Fran García
77%
ATT 16 Espagne Gonzalo García
76%
COACH - Espagne Álvaro Arbeloa
75%
DEF 24 Espagne Dean Huijsen
73%
DEF 17 Espagne Raúl Asencio
69%
DEF 18 Espagne Álvaro Carreras
65%
MIL 19 Espagne Dani Ceballos
63%
G 26 Espagne Fran González
20%
Aucun quiz correspondant
Distribution des résultats
% des personnes avec chaque résultat
Percentile par nombre de réponses
Votre historique - résultats
Vous n’avez pas pris ce quiz depuis la dernière actualisation